000 00396nam a2200169Ia 4500
001 17146
003 IN-NITTTR
005 20251114233202.0
008 251113s9999||||xx |||||||||||||| ||eng||
040 _beng
040 _cIN-NITTTR
041 _aeng
082 _a823 C393P
100 _aChaucer, Globe
245 4 _aThe prologue to the Canterbury Tales /
_cChaucer, Globe
942 _2ddc
_cBK
999 _c19780
_d19780